01459nam a22003137a 4500003000900000005001700009007000300026008003700029020001800066040003100084082002600115100004600141245004700187264004600234300002700280336002700307337003500334338003000369500006700399505038200466590002600848650001300874650003800887650003000925910004100955942001200996952012001008999001701128DO-SdBPM20251027134830.0ta210903b 2017 dr |||| 00| 0 spa d a9789945168259 aDO-SdBPMbSpa cBPMSUerda 4a158.1bA696a 20172221 aArias Hidalgo, Esteban /d1972 - eautor 10aAtrapa tu momento /cEteban Arias Hidalgo. aSantos Domingo :bEditora Búho ,c2017. a80 páginas ;c22 cm. atextobtxt2rdacontent asin mediación bn2rdamedia  avolumen bnc2rdacarrier  aIncluyes datos Bibliográficos del autor en la contracubierta0 aDedicatoria, ix.--Reconocimiento, xi.--Introducción, xiii.--I. Atrapa tu momento, 1.--II. El que el viento observa, no sembrará, 13.--III. El poder dela siembra, 23.--IV. El valor de l tiempo, 31.--V. Actitud de compromiso, 41.--VI. Solo puedes actuar en el presente, 49.-- VII. Perseverancia, 55.--VIII. Cuida tu buen nombre, 67.--IX. Deja un legado a tu generación, 73. aInventariado, 2025/VM 7a Éxito 7aAutorrealización (Psicología) 7a Psicología aplicada.  aVMateo V. Control de calidad. BPMSU  2ddccBK 00102ddc708CDaBPMETbBPMETd2025-10-27l0oBPMSU CD 158.1 A696a 2017pBPMSU25100106r2025-10-27w2025-10-27yBK c13712d13712